| 000 | 01288nam a2200325Ia 4500 | ||
|---|---|---|---|
| 003 | OSt | ||
| 005 | 20250619155757.0 | ||
| 008 | 191128s2014 sp er 000 f spa d | ||
| 020 | _a9788497942232 | ||
| 040 |
_aCO-JMCR _cCO-JMCR |
||
| 041 | 1 |
_aspa _heng |
|
| 082 | 0 | 4 |
_aA-N _bBROc _223 |
| 100 | 1 |
_aBrontë, Emily Jane, _eautora _96375 |
|
| 245 | 1 | 0 |
_aCumbres borrascosas / _cEmily Brontë |
| 260 |
_aMadrid : _bEdimat Libros, _c2014. |
||
| 300 |
_a343 páginas ; _c22 cm. |
||
| 490 | 0 | _aClásicos selección | |
| 500 | _aTítulo original: Wuthering Heights | ||
| 520 | _aNovela del enfrentamiento apasionado, en muchos momentos violento, entre Heathcliff y Catherine. Como se han criado juntos durante la infancia, casi en un plano de igualdad, la unión parece imposible. Sin embargo, él lo intenta obstinadamente y cuando se | ||
| 546 | _aTraducido del inglés. | ||
| 650 | 1 | 4 |
_aNovela inglesa. _96376 _ySiglo xx |
| 650 | 2 | 4 |
_aLiteratura inglesa. _ySiglo xx _914247 |
| 650 | 2 | 4 |
_aAmor en la literatura. _9634 |
| 650 | 2 | 4 |
_aSufrimiento en la literatura. _941895 |
| 650 | 2 | 4 |
_aMisterio en la literatura. _9790 |
| 650 | 2 | 4 |
_aOdios en la literatura. _941896 |
| 650 | 2 | 4 |
_aSentimientos en la literatura. _940496 |
| 650 | 2 | 4 |
_aVenganza en la literatura. _941897 |
| 942 |
_2ddc _cBK |
||
| 999 |
_c4541 _d4541 |
||